000 00759nam a2200205 a 4500
008 120416s1995 ||||||||||||||||| || u
020 _a0419203109
050 _aNA 737.W93 Tre
100 _aTreiber, Daniel
245 1 0 _aFrank Lloyd Wright
250 _a1st English language ed.
260 _aLondon
_bE & FN Spon
_c1995
300 _a133 p.: ill.
350 _a0.00
490 _aArchitecture collection
500 _aIncludes index. -Translated from the French. -Bibliography: p. 133.
650 _aWRIGHT, FRANK LLOYD, 1867-1959--CRITICISM AND INTERPRETATION
650 _aTEXTBOOKS
995 _D0.00
_FCBU-MAIN LIBRARY (Kitwe)
_H1
_I0.00
_M1
_UAVAILABLE
_ZMain Library Open Access Collection
999 _c43969
_d43969